书目信息 |
| 题名: |
新石器时代
|
|
| 作者: | 尹达 著 | |
| 分册: | ||
| 出版信息: | 北京 三联书店 1979 |
|
| 页数: | 256页 | |
| 开本: | 20cm | |
| 丛书名: | ||
| 单 册: | ||
| 中图分类: | K871.13 | |
| 科图分类: | ||
| 主题词: | 文物--考古--中国 | |
| 电子资源: | ||
| ISBN: | ||
| 000 | 00570nam0 2200229 45 | |
| 001 | 0179007207 | |
| 005 | 20060926094456.31 | |
| 010 | @dCNY1.50 | |
| 091 | @a11002.26 | |
| 100 | @a19950725d1979 em y0chiy0121 ea | |
| 101 | 0 | @achi |
| 102 | @aCN@b110000 | |
| 105 | @af z 000yy | |
| 200 | 10 | @a新石器时代@Axin shi qi shi dai@f尹达著@Fyin da zhu |
| 205 | @a2版 | |
| 210 | @a北京@c三联书店@d1979 | |
| 215 | @a256页@c图版@d20cm | |
| 606 | 0 | @a文物@x考古@y中国 |
| 690 | @aK871.13@v3 | |
| 701 | 0 | @a尹达@Ayin da@4著 |
| 801 | 0 | @aCN@bNLC@c20060926 |
| 905 | @dK871.13@e4 | |
| 新石器时代/尹达著.-2版.-北京:三联书店,1979 |
| 256页:图版;20cm |
| ISBN :CNY1.50 |
| ● |
| 相关链接 |
|
|
|
|
正题名:新石器时代
索取号:K871.13/4
 
预约/预借
| 序号 | 登录号 | 条形码 | 馆藏地/架位号 | 状态 | 备注 |
| 1 | 0018808 | 001924047 | 密集书库/ [索取号:K871.13/4] | 在馆 | |
| 2 | 0179350 | 001548016 | 第二样本阅览室/ [索取号:K871.13/4] | 在馆 | |
| 3 | 0179352 | 202220792 | 密集书库/ [索取号:K871.13/4] | 在馆 | |
| 4 | 0179353 | 202315100 | 密集书库/ [索取号:K871.13/4] | 在馆 | |
| 5 | 0422500 | 204225007 | 密集书库/ [索取号:K871.13/4] | 在馆 | |
| 6 | 0466368 | 204663685 | 密集书库/ [索取号:K871.13/4] | 在馆 |